00273nam a2200097Ia 4500008004000000082001600040100003200056245003200088260004300120300001200163210210b1978 xxu||||| |||| 00| 0 eng d a079.54 PARH aPARTHASARATHY (Rangaswami). aHundred years of the Hindu. aMadrasbKasturi and Sons Limitedc1978 axiv,842